00807nam a2200241 a 4500001001300000003000900013005001700022008004100039020001000080082001300090100002500103245008100128260004500209300000900254500003500263505009800298650002000396700002500416902000800441942000700449952009400456999001500550nice12345678IN_TiNIC20260116012421.0050524s1979 paka grp 000 0 eng  ac30000a509bSAI aSaid, Hakim Mohammed aHistory and Philosophy of Scienceb Proceedings of the Int.Cogress, Islamaba aPakistanbHamdard Foundation Pressc1979 a280p aincludes index and biblioraphy2 aproceeding ofthe int.congress of the hist.and philosophy of science, islamabad, 8-13 Dec,1979 aScience-History1 aSaid, Hakim Mohammed bSRS cBK 00104070aHMIbHMId2007-06-11g300.00l0o509 SAIp010753r2007-06-11w2026-01-16yEB c6943d6943